Information systems development : (Record no. 408)
[ view plain ]
| 000 -LEADER | |
|---|---|
| fixed length control field | 00692nac a22002171u 4500 |
| 008 - FIXED-LENGTH DATA ELEMENTS--GENERAL INFORMATION | |
| fixed length control field | 130109s2003 uk |||||r|||| 00| 0 eng d |
| 010 ## - LIBRARY OF CONGRESS CONTROL NUMBER | |
| LC control number | 89130256 |
| 020 ## - INTERNATIONAL STANDARD BOOK NUMBER | |
| International Standard Book Number | 0632012471 |
| 020 ## - INTERNATIONAL STANDARD BOOK NUMBER | |
| International Standard Book Number | 0077096266 |
| 082 00 - DEWEY DECIMAL CLASSIFICATION NUMBER | |
| Classification number | 005.74 |
| Item number | AVI |
| Edition number | 22 |
| 100 ## - MAIN ENTRY--PERSONAL NAME | |
| Personal name | Avison, David |
| 9 (RLIN) | 27721 |
| 245 10 - TITLE STATEMENT | |
| Title | Information systems development : |
| Remainder of title | methodologies, techniques, and tools / |
| Statement of responsibility, etc | David Avison, Guy Fitzgerald |
| 250 ## - EDITION STATEMENT | |
| Edition statement | 3rd ed. |
| 260 ## - PUBLICATION, DISTRIBUTION, ETC. (IMPRINT) | |
| Place of publication, distribution, etc | London: |
| Name of publisher, distributor, etc | McGraw-Hill ; |
| Date of publication, distribution, etc | 2003. |
| 300 ## - PHYSICAL DESCRIPTION | |
| Extent | 592 p. : |
| Other physical details | ill. ; |
| Dimensions | 24 cm. |
| 500 ## - GENERAL NOTE | |
| General note | Includes index. |
| 650 #0 - SUBJECT ADDED ENTRY--TOPICAL TERM | |
| Topical term or geographic name as entry element | Database management. |
| 9 (RLIN) | 31841 |
| 650 #0 - SUBJECT ADDED ENTRY--TOPICAL TERM | |
| Topical term or geographic name as entry element | System design. |
| 9 (RLIN) | 31842 |
| 700 ## - ADDED ENTRY--PERSONAL NAME | |
| Personal name | Fitzgerald, Guy |
| 9 (RLIN) | 27724 |
| 942 ## - ADDED ENTRY ELEMENTS (KOHA) | |
| Item type | Book - Borrowing |
| Call number prefix | 005.74 AVI |
| Source of classification or shelving scheme | Dewey Decimal Classification |
| Withdrawn status | Item status | Source of classification or shelving scheme | Damaged status | Not for loan | Vendor | Home library | Current library | Shelving location | Date acquired | Source of acquisition | Cost, normal purchase price | Total Checkouts | Full call number | Barcode | Date last seen | Date last borrowed | Cost, replacement price | Koha item type | Total Renewals |
|---|---|---|---|---|---|---|---|---|---|---|---|---|---|---|---|---|---|---|---|
| Dewey Decimal Classification | Baccah | Central Library | Central Library | Lower Floor | 06/04/2011 | 180.00 | 2 | 005.74 AVI | 000004225 | 15/07/2025 | 20/08/2013 | 225.00 | Book - Borrowing | ||||||
| Dewey Decimal Classification | Baccah | Central Library | Central Library | Lower Floor | 06/04/2011 | 180.00 | 4 | 005.74 AVI | 000004224 | 15/07/2025 | 02/01/2012 | 225.00 | Book - Borrowing | 6 | |||||
| Dewey Decimal Classification | Baccah | Central Library | Central Library | Lower Floor | 06/04/2011 | 180.00 | 3 | 005.74 AVI | 000004223 | 15/07/2025 | 05/12/2011 | 225.00 | Book - Borrowing | 9 | |||||
| Dewey Decimal Classification | Baccah | Central Library | Central Library | Lower Floor | 06/04/2011 | 180.00 | 1 | 005.74 AVI | 000004222 | 15/07/2025 | 21/01/2012 | 225.00 | Book - Borrowing | 4 | |||||
| Dewey Decimal Classification | Baccah | Central Library | Central Library | Lower Floor | 06/04/2011 | 180.00 | 2 | 005.74 AVI | 000004221 | 15/07/2025 | 21/01/2012 | 225.00 | Book - Borrowing | 9 | |||||
| Dewey Decimal Classification | Baccah | Central Library | Central Library | Lower Floor | 06/04/2011 | 180.00 | 1 | 005.74 AVI | 000004220 | 15/07/2025 | 225.00 | Book - Borrowing | 2 | ||||||
| Dewey Decimal Classification | Baccah | Central Library | Central Library | Lower Floor | 06/04/2011 | 180.00 | 1 | 005.74 AVI | 000004219 | 15/07/2025 | 02/11/2011 | 225.00 | Book - Borrowing | 1 | |||||
| Dewey Decimal Classification | Baccah | Central Library | Central Library | Lower Floor | 06/04/2011 | 180.00 | 1 | 005.74 AVI | 000004218 | 15/07/2025 | 12/10/2011 | 225.00 | Book - Borrowing | 11 | |||||
| Dewey Decimal Classification | Baccah | Central Library | Central Library | Lower Floor | 03/11/2011 | 180.00 | 005.74 AVI | 000004216 | 15/07/2025 | 225.00 | NB - Book (Non borrowing) |